[Event "BCF-chT3N 1920 (4NCL)"]
[Site "England"]
[Date "2019.11.09"]
[Round "1.32"]
[White "Scoular, Adam"]
[Black "Burke, Mitchell R"]
[Result "0-1"]
[WhiteElo "2021"]
[BlackElo "2095"]
[PlyCount "46"]
[EventDate "2019.11.09"]
[EventType "team-swiss"]
[EventRounds "11"]
[EventCountry "ENG"]
[SourceTitle "EXT 2022"]
[Source "ChessBase"]
[SourceDate "2021.10.06"]
[SourceVersion "1"]
[SourceVersionDate "2021.10.06"]
[SourceQuality "1"]
[WhiteTeam "Bolton & Worsley"]
[BlackTeam "3C's II"]
[WhiteTeamCountry "ENG"]
[BlackTeamCountry "ENG"]

1. e4 c5 2. Nf3 d6 3. c3 Nf6 4. Bb5+ Bd7 5. Bd3 Nc6 6. Bc2 g6 7. 0-0 Bg7 8. h3 0-0 9. Re1 e5 10. d4 cxd4 11. cxd4 Nh5 12. d5 Ne7 13. g4 Nf4 14. Bxf4 exf4 15. Nc3 h5 16. Qd2 hxg4 17. hxg4 g5 18. Nh2 Ng6 19. f3 Qb6+ 20. Kh1 Qxb2 21. Ne2 Rac8 22. Rac1 Ba4 23. e5 Rxc2 0-1

[Event "BCF-chT3N 1819 (4NCL)"]
[Site "England"]
[Date "2019.03.16"]
[Round "7.21"]
[White "Scoular, Adam"]
[Black "Higgie, Charles L"]
[Result "1-0"]
[WhiteElo "1922"]
[BlackElo "2005"]
[PlyCount "47"]
[EventDate "2018.11.10"]
[EventType "team-swiss"]
[EventRounds "11"]
[EventCountry "ENG"]
[SourceTitle "EXT 2021"]
[Source "ChessBase"]
[SourceDate "2020.10.23"]
[SourceVersion "1"]
[SourceVersionDate "2020.10.23"]
[SourceQuality "1"]
[WhiteTeam "Bolton & Worsley"]
[BlackTeam "Shropshire"]
[WhiteTeamCountry "ENG"]
[BlackTeamCountry "ENG"]

1. e4 c5 2. Nf3 d6 3. c3 Nf6 4. Bc4 Bg4 5. e5 Bxf3 6. Qxf3 dxe5 7. Qxb7 Nbd7 8. Na3 Qc8 9. Qb3 e6 10. 0-0 e4 11. d3 Be7 12. dxe4 Nxe4 13. Re1 Nef6 14. Bxe6 fxe6 15. Qxe6 Qd8 16. Bf4 Nf8 17. Qc6+ Kf7 18. Rad1 Rc8 19. Qa6 N6d7 20. Nc4 g5 21. Bg3 Kg7 22. Be5+ Bf6 23. Bxf6+ Qxf6 24. Qxc8 1-0

[Event "BCF-chT3N 1819 (4NCL)"]
[Site "England"]
[Date "2019.02.10"]
[Round "6.71"]
[White "Lonsdale, Jon I"]
[Black "Scoular, Adam"]
[Result "1/2-1/2"]
[WhiteElo "1832"]
[BlackElo "1922"]
[PlyCount "36"]
[EventDate "2018.11.10"]
[EventType "team-swiss"]
[EventRounds "11"]
[EventCountry "ENG"]
[SourceTitle "EXT 2021"]
[Source "ChessBase"]
[SourceDate "2020.10.23"]
[SourceVersion "1"]
[SourceVersionDate "2020.10.23"]
[SourceQuality "1"]
[WhiteTeam "Manchester Manticores IV"]
[BlackTeam "Bolton & Worsley"]
[WhiteTeamCountry "ENG"]
[BlackTeamCountry "ENG"]

1. e4 c5 2. c3 d5 3. exd5 Qxd5 4. d4 Nf6 5. Nf3 Bg4 6. dxc5 Qxd1+ 7. Kxd1 Nbd7 8. b4 0-0-0 9. Kc2 Bf5+ 10. Kb2 Ne4 11. Be3 e5 12. Bb5 f6 13. Rd1 a6 14. Bc4 Kc7 15. Nbd2 Ndxc5 16. bxc5 Nxc5 17. a4 Rb8 18. Nh4 Bd7 1/2-1/2